Biblioteca

The practice of spiritual direction (Registro nro. 66126)

Detalles MARC
000 -LÍDER
Campo fijo de descripción fija 01749nam a2200361 i 4500
001 - NÚMERO DE CONTROL
Campo de control 768714001
003 - IDENTIFICADOR DEL NÚMERO DE CONTROL
Campo de control CO-MdFUSB
005 - FECHA Y HORA DE LA ULTIMA TRANSACCIÓN
control field 20201214110550.0
007 - CAMPO FIJO DE DESCRIPCIÓN FIJA--INFORMACIÓN GENERAL
Campo fijo de descripción fija ta
008 - ELEMENTOS DE LONGITUD FIJA -- INFORMACIÓN GENERAL
Campo fijo de descripción fija -- Información general 880130t19821982cau 000 0 eng d
010 ## - NÚMERO DE CONTROL DE LA BIBLIOTECA DEL CONGRESO
Número de control LC 81014566
020 ## - NÚMERO INTERNACIONAL NORMALIZADO PARA LIBROS
Número Internacional Normalizado del libro 0866839518
040 ## - FUENTE DE CATALOGACIÓN
Agencia de catalogación original PSV
Agencia que realiza la transcripción CO-MdFUSB
Agencia que realiza la modificación CAP
-- CO-MdFUSB
-- UtOrBLW
Idioma de catalogación spa
Convenciones de la descripción rda
041 ## - CÓDIGO DE IDIOMA
Código de idioma para texto/pista de sonido o título separado eng
082 ## - NÚMERO DE CLASIFICACIÓN DECIMAL DEWEY
Número de la edición del Dewey 23
Número de clasificación 253.53
Clave de autor-Numero de item B281
090 ## - SIGNATURA TOPOGRÁFICA LOCAL
Número de clasificación local BX2350.7
100 1# - ASIENTO PRINCIPAL--NOMBRE PERSONAL
Nombre personal Barry, William A.
Término relacionador autor
245 14 - TÍTULO
Título del Material The practice of spiritual direction
Mención de responsabilidad, etc. / William A. Barry , William J. Connolly.
264 #1 - PRODUCCIÓN, PUBLICACIÓN, DISTRIBUCIÓN, MANUFACTURA, Y COPYRIGHT
Lugar de producción, publicación, distribución, manufactura San Francisco :
Nombre del productor, publicador, distribuidor Harper & Row,
Fecha de producción, publicación, distribución, manufactura, o copyright [1982]
264 #4 - PRODUCCIÓN, PUBLICACIÓN, DISTRIBUCIÓN, MANUFACTURA, Y COPYRIGHT
Fecha de producción, publicación, distribución, manufactura, o copyright © 1982
300 ## - DESCRIPCIÓN FÍSICA
Extensión xii, 211 páginas ;
Dimensiones 21 cm.
336 ## - TIPO DE CONTENIDO
Término de tipo de contenido texto
Código de tipo de contenido txt
Fuente rdacontent.
337 ## - TIPO DE MEDIO
Nombre del tipo de medio sin mediación
Código del tipo de medio n
Fuente rdamedia.
338 ## - TIPO DE SOPORTE
Nombre del tipo de soporte volumen
Código Tipo de soporte nc
Fuente rdacarrier.
504 ## - NOTA DE BIBLIOGRAFÍA, ETC.
Nota de bibliografía, etc Bibliografía (páginas 210-211)
505 ## - NOTA DE CONTENIDO
Nota de contenido con formato preestablecido Introduciendo la dirección espiritual. ¿Qué es la dirección espiritual? -- La centralidad de la experiencia religiosa. -- Fomentar la relación entre el director y el Señor. La relación entre Dios y los individuos. -- Fomentar la actitud contemplativa. -- Ayudar a una persona a notar y compartir con el Señor hechos internos clave. -- Desarrollo de la relación y resistencia. -- Criterios para evaluar la experiencia religiosa. -- Aspectos de la relación entre el director y el director . Convertirse en un director espiritual. -- La base de la relación entre el director y el dirigido. -- Alteraciones en la relación entre el director y el dirigido -- Supervisión en la dirección espiritual. -- Conclusión.
563 ## - NOTA DE ENCUADERNACIÓN
Nota de encuadernación Rústico
650 #0 - ASIENTO SECUNDARIO DE MATERIA - TERMINO TEMÁTICO
Término temático o nombre geográfico como elemento de entrada Vida espiritual
9 (RLIN) 51
700 1# - ASIENTO SECUNDARIO - NOMBRE PERSONAL
Nombre personal Connolly, William J.
Responsabilidad autor
942 ## - TIPO DE MATERIAL (KOHA)
Tipo de Item KOHA Libros General
945 ## - INFORMACIÓN LOCAL DEL REGISTRO
Catalogador JTF-925
Existencias
Estado de Material Estado de Perdido Forma de Clasificación Estado de Dañado No para Préstamo Colección Biblioteca de Origen Biblioteca Permanente Fecha de Adquisición Área Total de Préstamos Signatura Topográfica Código de Barras Última vez visto Ejemplar/Existencia Fecha de Remplazo Tipo de Material
    Dewey Decimal Classification     Colección General Biblioteca FUSBC Biblioteca FUSBC 16/06/2020 VIDA CRISTIANA   G 253.53 B281p 2495 16/06/2020 Ej.1 16/06/2020 Libros General

Biblioteca FUSBC | Teléfono: (57+4) 349 88 10 Ext. 141| WhatsApp (+57) 3005338115 
E-mail: biblioteca@unisbc.edu.co | Calle 76 87-14 Robledo Palenque, Medellín, Colombia

Con tecnología Koha